| 000 | 00000nam##2200000za#4500 |
| 001 | 9.698832 |
| 003 | CaOODSP |
| 005 | 20220125145842 |
| 007 | cr ||||||||||| |
| 008 | 150407|2014||||xxc|||||o f|0| 0 eng|d |
| 020 | |a978-1-100-23190-7 |
| 040 | |aCaOODSP|beng |
| 043 | |an-cn--- |
| 086 | 1 |aD2-328/2014E-PDF |
| 110 | 1 |aCanada.|bDepartment of National Defence. |bCanadian Forces Aerospace Warfare Centre. |
| 245 | 10|aCanadian Forces aerospace shape doctrine / |h[electronic resource]|cissued on the authority of the Commander of the Royal Canadian Air Force. |
| 250 | |a1st Edition, March 2014 |
| 260 | |aOttawa - Ontario : |bNational Defence. |cMarch 2014. |
| 300 | |a132p.|bfigs., glossary, references, photographs |
| 500 | |aThe catalogue number (D2-328/2014) and ISBN (978-1-100-54676-6) for the bilingual print edition have been copied in this electronic publication. |
| 590 | |a15-01|b2015-01-02 |
| 775 | 08|tDoctrine aérospatiale des Forces canadiennes - acquisition de l'avantage / |w(CaOODSP)9.642827 |
| 776 | 0#|tCanadian Forces aerospace shape doctrine |w(CaOODSP)9.677745 |
| 776 | 0#|tDoctrine aérospatiale des Forces canadiennes : acquisition de l'avantage |w(CaOODSP)9.677746 |
| 856 | 40|ahttp://publications.gc.ca|qPDF|s4631 KB|uhttps://publications.gc.ca/collections/collection_2014/mdn-dnd/D2-328-2014-eng.pdf |
| 986 | |aB-GA-403-000/FP-001 |